000 00276nam a2200145Ia 4500
005 20260513122049.0
020 _a9781633690707
100 _aBerinato
365 _cRs.
365 _b20.00
942 _cBK
245 _aGood Charts
260 _bHBR
999 _c20
_d20